[Event "BL 1213 SC Forchheim - Turm Emsdetten"]
[Site "?"]
[Date "2013.04.06"]
[Round "14.1"]
[White "Giri, Anish"]
[Black "Prusikin, Michael"]
[Result "1-0"]
[WhiteElo "2730"]
[BlackElo "2545"]
[PlyCount "63"]
[EventDate "2013.??.??"]

1. c4 e5 2. Nc3 Nc6 3. g3 Bc5 4. Bg2 a6 5. e3 d6 6. Nge2 Ba7 7. d3 h5 8. h3 f5
9. h4 Nf6 10. d4 O-O 11. b3 f4 12. dxe5 f3 13. Bxf3 Nxe5 14. Bg2 Bg4 15. Bxb7
Nf3+ 16. Kf1 Qd7 17. Kg2 Rab8 18. Bd5+ Kh8 19. Bb2 Rbe8 20. Nf4 Nxh4+ 21. Rxh4
Bxd1 22. Rxd1 g5 23. Ne4 gxh4 24. Bxf6+ Kh7 25. Rh1 Rxe4 26. Bxe4+ Kg8 27. Bd5+
Kh7 28. Nxh5 Kg6 29. Be4+ Kf7 30. Rxh4 c6 31. Rf4 Kg8 32. Bf5 1-0

[Event "BL 1213 SC Forchheim - Turm Emsdetten"]
[Site "?"]
[Date "2013.04.06"]
[Round "14.3"]
[White "Hector, Jonny"]
[Black "Mons, Leon"]
[Result "1-0"]
[WhiteElo "2539"]
[BlackElo "2339"]
[PlyCount "99"]
[EventDate "2013.??.??"]

1. d4 Nf6 2. Nc3 d5 3. Bg5 Nbd7 4. Qd3 e6 5. e4 dxe4 6. Nxe4 h6 7. Bh4 Be7 8.
Nxf6+ Bxf6 9. Bxf6 Qxf6 10. Nf3 O-O 11. Qe3 b6 12. Bb5 Qe7 13. Bc6 Rb8 14.
O-O-O Qd6 15. Qc3 Bb7 16. Bxb7 Rxb7 17. Ne5 Nxe5 18. dxe5 Qe7 19. g3 Rbb8 20.
Rd4 Rfd8 21. Rhd1 a5 22. a3 Rxd4 23. Qxd4 Qe8 24. h4 Qc6 25. Kb1 b5 26. b3 h5
27. Rd3 Qb6 28. Qxb6 cxb6 29. Rd7 Rc8 30. Kb2 Rc5 31. f4 b4 32. axb4 axb4 33.
Rd6 Rb5 34. Rc6 Kh7 35. c4 bxc3+ 36. Kxc3 Kg6 37. Kc4 Rd5 38. Rxb6 Rd7 39. b4
Rc7+ 40. Kb3 Kf5 41. Rd6 f6 42. exf6 gxf6 43. b5 e5 44. fxe5 fxe5 45. Rc6 Rd7
46. Rc3 e4 47. Kc4 Ke5 48. b6 Rd4+ 49. Kb5 Rd8 50. b7 1-0

[Event "BL 1213 SC Forchheim - Turm Emsdetten"]
[Site "?"]
[Date "2013.04.06"]
[Round "14.4"]
[White "Zwanzger, Johannes"]
[Black "Janssen, Ruud"]
[Result "1-0"]
[WhiteElo "2326"]
[BlackElo "2483"]
[PlyCount "85"]
[EventDate "2013.??.??"]

1. e4 c5 2. Nf3 e6 3. d4 cxd4 4. Nxd4 Nf6 5. Nc3 Nc6 6. Nxc6 bxc6 7. e5 Nd5 8.
Ne4 Qc7 9. f4 Qb6 10. c4 Bb4+ 11. Ke2 f5 12. Nf2 Nc7 13. Be3 Bc5 14. Bxc5 Qxc5
15. b3 a5 16. Qd6 Qa7 17. g4 Ba6 18. Nd3 fxg4 19. Rd1 O-O-O 20. Bg2 Rhf8 21.
Rhf1 Rf7 22. Nc5 Qb6 23. Rd3 h5 24. Rfd1 Ne8 25. Qd4 Rxf4 26. Qe3 Rf5 27. Rxd7
Rxd7 28. Rxd7 Qb8 29. Nxa6 Qxe5 30. Rd2 Nc7 31. Nxc7 Qxe3+ 32. Kxe3 Kxc7 33.
Rf2 Re5+ 34. Kd3 g5 35. Be4 Kd6 36. Rg2 Kc5 37. Bg6 h4 38. Rxg4 a4 39. Re4 Rxe4
40. Bxe4 axb3 41. axb3 Kb4 42. Bxc6 Kxb3 43. Bd5 1-0

[Event "BL 1213 SC Forchheim - Turm Emsdetten"]
[Site "?"]
[Date "2013.04.06"]
[Round "14.5"]
[White "Burg, Twan"]
[Black "Heidrich, Manfred"]
[Result "1/2-1/2"]
[WhiteElo "2502"]
[BlackElo "2296"]
[PlyCount "99"]
[EventDate "2013.??.??"]

1. e4 c5 2. Nf3 Nf6 3. Nc3 d5 4. exd5 Nxd5 5. Bb5+ Bd7 6. Ne5 e6 7. Qh5 Qe7 8.
Nxd7 Nxd7 9. O-O a6 10. Nxd5 exd5 11. Bxd7+ Qxd7 12. Re1+ Be7 13. Qg5 Kf8 14.
Qh5 Bf6 15. d3 Rc8 16. c4 h6 17. Qf3 Kg8 18. Bf4 Bxb2 19. Rab1 Bc3 20. Rec1 Bd4
21. cxd5 b5 22. Re1 Kh7 23. Re2 Rhe8 24. Rbe1 Rxe2 25. Rxe2 Qb7 26. Bd6 Bf6 27.
Qf5+ Kg8 28. Bxc5 Qc7 29. Bb4 Rd8 30. d6 Qc6 31. g3 a5 32. Bxa5 Rxd6 33. Qe4 g6
34. Qf3 Qd7 35. Kg2 Bd4 36. Qe4 h5 37. Bb4 Kh7 38. Qf3 Rf6 39. Qe4 Re6 40. Qf3
Rf6 41. Qa8 Rxf2+ 42. Rxf2 Bxf2 43. Kxf2 Qd4+ 44. Kf3 Qxb4 45. Qd5 Kg7 46. Qe5+
Kf8 47. Qb8+ Kg7 48. Qe5+ Kf8 49. Qh8+ Ke7 50. Qe5+ 1/2-1/2

[Event "BL 1213 SC Forchheim - Turm Emsdetten"]
[Site "?"]
[Date "2013.04.06"]
[Round "14.6"]
[White "Bartsch, Berthold"]
[Black "Zumsande, Martin"]
[Result "0-1"]
[WhiteElo "2242"]
[BlackElo "2418"]
[PlyCount "134"]
[EventDate "2013.??.??"]

1. e4 e6 2. Qe2 c5 3. c4 Nc6 4. Nf3 d6 5. g3 g6 6. Bg2 Bg7 7. O-O Nge7 8. Na3
O-O 9. Nc2 Rb8 10. Rb1 Qa5 11. a3 b5 12. d3 Ba6 13. Bd2 Qc7 14. b4 bxc4 15.
dxc4 Ne5 16. Nxe5 Bxe5 17. b5 Bb7 18. Rfd1 Bg7 19. Qe1 Nc8 20. Bc3 Nb6 21. Bxg7
Kxg7 22. Ne3 Rbd8 23. Rb3 f6 24. Rbd3 Kf7 25. Qd2 Ke7 26. f4 e5 27. Qc2 Nc8 28.
a4 Qa5 29. Qc3 Qxc3 30. Rxc3 Kd7 31. a5 Kc7 32. Nd5+ Bxd5 33. Rxd5 Ne7 34. Rd2
g5 35. fxg5 fxg5 36. Bh3 Rf6 37. Rb3 h5 38. Ra2 Rb8 39. b6+ axb6 40. axb6+ Kd8
41. Bf5 Nxf5 42. exf5 d5 43. cxd5 Rfxb6 44. Rxb6 Rxb6 45. Ra5 Ke7 46. Rxc5 Rb1+
47. Kf2 Kf6 48. Rc2 Rd1 49. Ke3 Rxd5 50. Rf2 Ra5 51. Kd3 g4 52. Ke3 Ra3+ 53.
Ke4 Rb3 54. Kd5 Re3 55. Rf1 Re2 56. Rh1 Rf2 57. Ke4 Rxf5 58. Ra1 Rf2 59. Ra6+
Kg5 60. Kxe5 Rxh2 61. Ra8 Rg2 62. Rg8+ Kh6 63. Rh8+ Kg6 64. Rg8+ Kh7 65. Ra8
Rxg3 66. Kf5 h4 67. Ra7+ Kg8 0-1

[Event "BL 1213 SC Forchheim - Turm Emsdetten"]
[Site "?"]
[Date "2013.04.06"]
[Round "14.7"]
[White "Fiebig, Thomas"]
[Black "Doeres, Hans-Juergen"]
[Result "1-0"]
[WhiteElo "2402"]
[BlackElo "2226"]
[PlyCount "82"]
[EventDate "2013.??.??"]

1. e4 c6 2. d4 d5 3. exd5 cxd5 4. c4 Nf6 5. Nc3 e6 6. a3 dxc4 7. Bxc4 Be7 8.
Nf3 O-O 9. O-O Nc6 10. Bg5 h6 11. Bh4 a6 12. Ba2 b5 13. Re1 Bb7 14. Qd3 b4 15.
Na4 Qa5 16. Nc5 Bxc5 17. Bxf6 gxf6 18. dxc5 Qxc5 19. Rxe6 Rad8 20. Qe4 f5 21.
Rg6+ Kh7 22. Rxh6+ Kxh6 23. Qh4+ Kg7 24. Qg5+ Kh7 25. Qf6 Ne5 26. Nxe5 Rd6 27.
Qxf5+ Kg7 28. Qg4+ Kh7 29. Nd7 Rxd7 30. Qxd7 Bc6 31. Qh3+ Kg7 32. Qg4+ Kh8 33.
axb4 Qe5 34. Qh4+ Kg7 35. Qg4+ Kh8 36. Qh3+ Kg7 37. Qc3 Qf6 38. Bc4 Rd8 39.
Qxf6+ Kxf6 40. Rxa6 Rd1+ 41. Bf1 Rxf1+ 1-0

[Event "BL 1213 SC Forchheim - Turm Emsdetten"]
[Site "?"]
[Date "2013.04.06"]
[Round "14.8"]
[White "Huemmer, Bernd"]
[Black "Richter, Christian"]
[Result "0-1"]
[WhiteElo "2211"]
[BlackElo "2365"]
[PlyCount "110"]
[EventDate "2013.??.??"]

1. d4 Nf6 2. Nf3 g6 3. c3 Bg7 4. Bg5 d6 5. Nbd2 O-O 6. e4 c5 7. dxc5 dxc5 8.
Bc4 Nc6 9. O-O Qc7 10. Re1 h6 11. Bh4 Nh5 12. Qc2 g5 13. Bg3 Nxg3 14. hxg3 Rd8
15. Rad1 Na5 16. Be2 Be6 17. Nh2 Bd7 18. Nc4 Nxc4 19. Bxc4 b5 20. Be2 Qa5 21.
a3 b4 22. axb4 cxb4 23. Rd5 Qc7 24. Red1 bxc3 25. bxc3 e6 26. Rd6 Bc6 27. Rxd8+
Rxd8 28. Rd3 Rc8 29. Rd1 Qe5 30. Rd4 Bb5 31. Nf3 Qc5 32. e5 Bxe2 33. Qxe2 Qxc3
34. Qa6 Rc7 35. Qd6 Rb7 36. Qd8+ Kh7 37. Kh2 Qc7 38. Qe8 Qe7 39. Qc6 Qc7 40.
Qe4+ Kg8 41. Rc4 Qd7 42. Rd4 Qc8 43. Nd2 Rb8 44. Nc4 Rb4 45. Nd6 Rxd4 46. Qxd4
Qd7 47. f4 Bf8 48. Qc5 Be7 49. Kh3 Kg7 50. Kg4 Qa4 51. Kf3 Qb3+ 52. Kf2 Bd8 53.
Ne8+ Kg6 54. Qf8 Bb6+ 55. Ke2 Qc2+ 0-1

[Event "BL 1213 Schachfr. Berlin - Werder Breme"]
[Site "?"]
[Date "2013.04.06"]
[Round "14.3"]
[White "Hracek, Zbynek"]
[Black "Lauber, Arnd"]
[Result "1/2-1/2"]
[WhiteElo "2612"]
[BlackElo "2465"]
[PlyCount "128"]
[EventDate "2013.??.??"]

1. c4 e6 2. Nc3 b6 3. d4 Bb7 4. a3 f5 5. Nf3 Nf6 6. g3 Ne4 7. Bd2 Be7 8. Bg2
O-O 9. O-O Bf6 10. Rc1 Nxc3 11. Bxc3 Be4 12. Ne1 Bxg2 13. Nxg2 Qc8 14. Nf4 g6
15. d5 e5 16. d6 Nc6 17. Ng2 cxd6 18. Qxd6 Nd4 19. Bxd4 exd4 20. c5 b5 21. Qd5+
Rf7 22. c6 dxc6 23. Rxc6 Qb7 24. Nf4 Rd8 25. Qc5 Re8 26. Rd1 Be5 27. Ne6 Rfe7
28. Ng5 Bg7 29. Qd5+ Kh8 30. Rxd4 h6 31. Nf3 Bxd4 32. Qxd4+ Kh7 33. Qf6 Rg7 34.
Nd4 Qe7 35. h4 Qxf6 36. Rxf6 h5 37. Kg2 Rb7 38. e3 Rc8 39. Ra6 Rcc7 40. Ne6 Rc2
41. b4 Ra2 42. Kf3 Kh6 43. Nd4 Kh7 44. Nc6 Rc7 45. Ne5 Rb7 46. Nd3 Rd7 47. Nf4
Rg7 48. Ne6 Rb7 49. Ng5+ Kh6 50. Nh3 Re7 51. Ra5 Kh7 52. Nf4 Rd7 53. Ne6 Re7
54. Nd4 Rd7 55. Nxb5 Rdd2 56. Kf4 Rxf2+ 57. Kg5 Rf3 58. Rxa7+ Kg8 59. Nd6 Rxe3
60. Kf6 Rae2 61. Ra8+ Kh7 62. Ra7+ Kg8 63. Rg7+ Kf8 64. Rf7+ Kg8 1/2-1/2

[Event "BL 1213 Schachfr. Berlin - Werder Breme"]
[Site "?"]
[Date "2013.04.06"]
[Round "14.4"]
[White "Abel, Dennes"]
[Black "Rapport, Richard"]
[Result "1/2-1/2"]
[WhiteElo "2437"]
[BlackElo "2621"]
[PlyCount "155"]
[EventDate "2013.??.??"]

1. e4 e6 2. d4 d5 3. Bd3 dxe4 4. Bxe4 Nf6 5. Bf3 c5 6. Ne2 Nc6 7. Be3 cxd4 8.
Nxd4 Ne5 9. Nc3 Be7 10. Qe2 a6 11. O-O-O Qc7 12. Bf4 Nd3+ 13. Rxd3 Qxf4+ 14.
Kb1 O-O 15. g3 Qc7 16. g4 Qf4 17. h4 e5 18. g5 exd4 19. Qxe7 dxc3 20. gxf6 Be6
21. fxg7 Rfe8 22. Qg5 Qxg5 23. hxg5 cxb2 24. Bxb7 Rab8 25. Bc6 Re7 26. Ba4 Kxg7
27. Bb3 Bf5 28. Rd6 Re2 29. Rf6 Bg6 30. Kxb2 Rxc2+ 31. Ka3 Rc5 32. f4 Ra5+ 33.
Kb2 h5 34. f5 Rxf5 35. Rxf5 Bxf5 36. Rxh5 Be6 37. Kc3 Kg6 38. Rh2 Bxb3 39. axb3
Kxg5 40. Rg2+ Kf5 41. Rf2+ Ke6 42. Re2+ Kd5 43. Rf2 Ke6 44. Re2+ Kd6 45. Rd2+
Ke7 46. Re2+ Kf8 47. Re3 Rb6 48. Kd4 f6 49. Rc3 Kf7 50. Rg3 Rb5 51. Re3 Kg6 52.
Re6 a5 53. Ra6 Kg5 54. Kc4 Re5 55. Kd4 Rf5 56. Ra8 Rb5 57. Kc4 Re5 58. Kd4 Kf4
59. Ra6 f5 60. Ra8 Re3 61. Kc4 Re4+ 62. Kd3 Re3+ 63. Kc4 Kg4 64. Rxa5 f4 65. b4
f3 66. Ra1 f2 67. Rf1 Kf3 68. b5 Re1 69. Rxf2+ Kxf2 70. b6 Ke3 71. Kd5 Rh1 72.
b7 Rh8 73. Kc6 Kd4 74. Kc7 Kc5 75. b8=Q Rh7+ 76. Kd8 Rh8+ 77. Kc7 Rh7+ 78. Kd8
1/2-1/2

[Event "BL 1213 Schachfr. Berlin - Werder Breme"]
[Site "?"]
[Date "2013.04.06"]
[Round "14.5"]
[White "Babula, Vlastimil"]
[Black "Berndt, Stephan"]
[Result "1-0"]
[WhiteElo "2585"]
[BlackElo "2443"]
[PlyCount "87"]
[EventDate "2013.??.??"]

1. d4 Nf6 2. c4 e6 3. Nc3 Bb4 4. e3 c5 5. Nge2 cxd4 6. exd4 O-O 7. a3 Be7 8.
Nf4 d5 9. Be3 Nc6 10. cxd5 Nxd5 11. Ncxd5 exd5 12. Bd3 Bg5 13. O-O Bxf4 14.
Bxf4 Qf6 15. Be3 Bf5 16. Be2 Rfe8 17. Re1 h6 18. Bf1 Re6 19. Qd2 Rae8 20. b4 a6
21. a4 Ne7 22. b5 Ng6 23. bxa6 bxa6 24. f3 Rc8 25. Rac1 Rec6 26. Rc5 Bd7 27. a5
Nh4 28. Bf2 Nf5 29. Rxd5 Rc2 30. Qf4 Be6 31. Rde5 g5 32. Qe4 Nd6 33. Qd3 Ra2
34. Qxa6 Bc4 35. Bxc4 Rxc4 36. h3 Rxf2 37. Qa8+ Rc8 38. Re8+ Kh7 39. Rxc8 Qxd4
40. Rh8+ Kg6 41. Kh1 Ra2 42. Qf8 Ra1 43. Rxh6+ Kf5 44. Qe7 1-0

[Event "BL 1213 Schachfr. Berlin - Werder Breme"]
[Site "?"]
[Date "2013.04.06"]
[Round "14.6"]
[White "Polzin, Rainer"]
[Black "Bluebaum, Matthias"]
[Result "1/2-1/2"]
[WhiteElo "2465"]
[BlackElo "2433"]
[PlyCount "80"]
[EventDate "2013.??.??"]

1. e4 e6 2. d4 d5 3. Nc3 Nf6 4. Bg5 dxe4 5. Nxe4 Nbd7 6. Nf3 h6 7. Nxf6+ Nxf6
8. Be3 Nd5 9. Bd3 Nxe3 10. fxe3 Bd6 11. Qe2 Qe7 12. Nd2 e5 13. Ne4 O-O 14. O-O
f5 15. Nxd6 Qxd6 16. c3 Be6 17. Rad1 c5 18. Bc4 cxd4 19. exd4 e4 20. Bxe6+ Qxe6
21. d5 Qe5 22. d6 Qc5+ 23. Qf2 e3 24. Qe2 Rad8 25. Rd4 f4 26. Rfxf4 Rxf4 27.
Rxf4 Rxd6 28. Re4 Rd2 29. Qxe3 Qxe3+ 30. Rxe3 Rxb2 31. a4 Kf7 32. Re4 Rb6 33.
a5 Rb5 34. Rc4 Rxa5 35. Rc7+ Kf6 36. Rxb7 Ra2 37. c4 a5 38. Ra7 a4 39. h4 a3
40. c5 Rc2 1/2-1/2

[Event "BL 1213 Schachfr. Berlin - Werder Breme"]
[Site "?"]
[Date "2013.04.06"]
[Round "14.7"]
[White "Joachim, Sven"]
[Black "Thiede, Lars"]
[Result "1-0"]
[WhiteElo "2436"]
[BlackElo "2441"]
[PlyCount "129"]
[EventDate "2013.??.??"]

1. d4 d6 2. g3 g6 3. Bg2 Bg7 4. e4 Nf6 5. Ne2 O-O 6. O-O e5 7. c4 exd4 8. Nxd4
Re8 9. Nc3 Bd7 10. Re1 Nc6 11. Nxc6 Bxc6 12. Rb1 a6 13. b3 Nd7 14. Bb2 b5 15.
Nd5 Bxb2 16. Rxb2 bxc4 17. bxc4 Bxd5 18. cxd5 Rb8 19. Rc2 Rb5 20. f4 Qb8 21.
Bh3 Nc5 22. e5 Rb2 23. e6 Rxc2 24. Qxc2 Qb4 25. exf7+ Kxf7 26. Be6+ Kf6 27. Rd1
Nxe6 28. dxe6 Qb6+ 29. Kg2 Rxe6 30. Qc3+ Kf7 31. Qh8 Qc6+ 32. Kh3 Qc2 33. Qxh7+
Ke8 34. Qg8+ Kd7 35. Rd5 Re2 36. Kg4 Rxh2 37. Kg5 Rh5+ 38. Kf6 Rf5+ 39. Kg7
Qc3+ 40. Kh7 Qf6 41. Rxf5 gxf5 42. Qc4 Qe7+ 43. Kh8 a5 44. Qd5 Qf8+ 45. Kh7 c5
46. Kg6 Kc7 47. Qxf5 Qg8+ 48. Kh6 Qxg3 49. Qf7+ Kb6 50. f5 Qf4+ 51. Kg7 c4 52.
f6 Qg4+ 53. Qg6 Qd4 54. Kh7 Qh4+ 55. Kg8 c3 56. f7 Qc4 57. Qxd6+ Kb5 58. Qd7+
Kb6 59. Qd6+ Kb5 60. Qd7+ Kb6 61. Kg7 c2 62. f8=Q Qc3+ 63. Kh7 c1=Q 64. Qb8+
Kc5 65. Qbb5# 1-0

[Event "BL 1213 Schachfr. Berlin - Werder Breme"]
[Site "?"]
[Date "2013.04.06"]
[Round "14.8"]
[White "Agopov, Mikael"]
[Black "Buchal, Stephan"]
[Result "0-1"]
[WhiteElo "2427"]
[BlackElo "2300"]
[PlyCount "68"]
[EventDate "2013.??.??"]

1. e4 g6 2. d4 Bg7 3. Nc3 d6 4. Be3 a6 5. Qd2 Nd7 6. Nf3 b5 7. a4 b4 8. Ne2
Ngf6 9. Ng3 Ng4 10. Qxb4 Nxe3 11. fxe3 Rb8 12. Qc3 c5 13. Bc4 O-O 14. O-O e6
15. Rfb1 Bb7 16. b4 d5 17. bxc5 dxc4 18. Qxc4 Qc7 19. Rb3 Nf6 20. Rab1 Bxe4 21.
Nxe4 Nxe4 22. Qxa6 Ra8 23. Qd3 Nf6 24. Ne5 Nd7 25. Nxd7 Qxd7 26. Qb5 Qd5 27. c4
Qe4 28. c6 Bh6 29. Re1 Bf4 30. Qc5 Bxh2+ 31. Kf1 Bg3 32. Reb1 Qc2 33. Kg1 Rxa4
34. Qg5 Qxb3 0-1

[Event "BL 1213 SV Griesheim - SK Norderstedt"]
[Site "?"]
[Date "2013.04.06"]
[Round "14.1"]
[White "Olszewski, Michal"]
[Black "Piorun, Kacper"]
[Result "1/2-1/2"]
[WhiteElo "2532"]
[BlackElo "2520"]
[PlyCount "49"]
[EventDate "2013.??.??"]

1. d4 Nf6 2. c4 e6 3. Nf3 Bb4+ 4. Nbd2 O-O 5. a3 Be7 6. e3 d5 7. Bd3 b6 8. b3
Bb7 9. Bb2 Nbd7 10. O-O c5 11. cxd5 exd5 12. Qe2 Bd6 13. Ne5 Qe7 14. f4 Rfe8
15. Ndf3 cxd4 16. Nxd4 Bxe5 17. fxe5 Nxe5 18. Bb5 Rf8 19. Nf5 Qe6 20. Bd3 Ne4
21. Rad1 Rad8 22. Nd4 Qe7 23. Nf5 Qe6 24. Nd4 Qe7 25. Nf5 1/2-1/2

[Event "BL 1213 SV Griesheim - SK Norderstedt"]
[Site "?"]
[Date "2013.04.06"]
[Round "14.2"]
[White "Farago, Ivan"]
[Black "Kopylov, Mihail"]
[Result "1/2-1/2"]
[WhiteElo "2488"]
[BlackElo "2473"]
[PlyCount "42"]
[EventDate "2013.??.??"]

1. d4 f5 2. g3 Nf6 3. Bg2 g6 4. c4 Bg7 5. Nc3 O-O 6. Nf3 d6 7. O-O Qe8 8. Re1
Qf7 9. e4 fxe4 10. Nxe4 Nc6 11. d5 Nxe4 12. Rxe4 Ne5 13. Rf4 Qe8 14. Qe2 Rxf4
15. Bxf4 Bg4 16. Bxe5 Bxe5 17. h3 Bxf3 18. Bxf3 Qa4 19. b3 Qb4 20. Rb1 a5 21.
Be4 b6 1/2-1/2

[Event "BL 1213 SV Griesheim - SK Norderstedt"]
[Site "?"]
[Date "2013.04.06"]
[Round "14.4"]
[White "Izsak, Gyula"]
[Black "Bekker-Jensen, Simon"]
[Result "0-1"]
[WhiteElo "2471"]
[BlackElo "2402"]
[PlyCount "120"]
[EventDate "2013.??.??"]

1. d4 Nf6 2. Nf3 g6 3. c4 Bg7 4. g3 O-O 5. Bg2 d6 6. Nc3 c6 7. O-O Qa5 8. e4 e5
9. h3 Nbd7 10. Be3 Nb6 11. Qd3 exd4 12. Nxd4 Qa6 13. b3 d5 14. exd5 Nfxd5 15.
Nxd5 Nxd5 16. Bd2 Rd8 17. Qe4 Qb6 18. cxd5 cxd5 19. Qh4 Bxd4 20. Bg5 f6 21.
Rad1 Bb2 22. Bh6 Be6 23. Rfe1 Rd7 24. Re2 Be5 25. Kh2 Bf7 26. f4 Bc3 27. f5 Be5
28. Rde1 Qd6 29. Rxe5 fxe5 30. f6 Rc8 31. Bg7 Rc2 32. Qh6 e4 33. Rf1 Be6 34.
Rf4 Bf5 35. Rh4 g5 36. Qxg5 Bg6 37. Rh6 Rxg7 38. fxg7 Kxg7 39. Rh4 Rf2 40. Qe3
Qb6 41. Qg5 Qe6 42. Qe3 Rf7 43. Qd4+ Kg8 44. Rh6 Rf5 45. Rh4 e3 46. Rf4 e2 47.
Rxf5 Bxf5 48. Bxd5 e1=Q 49. Bxe6+ Bxe6 50. Qxa7 Qe2+ 51. Kg1 Qe1+ 52. Kh2 Qe2+
53. Kg1 Qf3 54. Qb8+ Kf7 55. Qc7+ Kg6 56. Qd6 Qc6 57. Qf8 Bd5 58. Qf4 Qf6 59.
Qd2 Qf3 60. g4 Qg3+ 0-1

[Event "BL 1213 SV Griesheim - SK Norderstedt"]
[Site "?"]
[Date "2013.04.06"]
[Round "14.5"]
[White "Meyer, Falko"]
[Black "Horvath, Peter"]
[Result "1/2-1/2"]
[WhiteElo "2259"]
[BlackElo "2434"]
[PlyCount "146"]
[EventDate "2013.??.??"]

1. c4 e6 2. g3 d5 3. Bg2 Nf6 4. Nf3 c5 5. e3 Nc6 6. b3 Be7 7. O-O d4 8. exd4
cxd4 9. d3 O-O 10. Re1 Nd7 11. Na3 e5 12. Nc2 a5 13. Rb1 f6 14. a3 Nc5 15. b4
axb4 16. axb4 Na4 17. Bd2 Bf5 18. b5 Nb8 19. Nfxd4 Bc8 20. Bd5+ Kh8 21. Ne2 Nb6
22. Nc3 Nxd5 23. Nxd5 Bc5 24. Be3 Bxe3 25. Rxe3 Be6 26. Ncb4 Nd7 27. Ra1 Rxa1
28. Qxa1 Bxd5 29. Nxd5 Nb6 30. Nxb6 Qxb6 31. Qa3 Rd8 32. Qe7 Rc8 33. Kg2 h6 34.
h4 Ra8 35. Qf7 Ra1 36. Re4 Ra8 37. Rg4 Rg8 38. Qd7 Kh7 39. h5 Kh8 40. c5 Qxc5
41. Rc4 Qa3 42. b6 Qa6 43. Qd6 f5 44. Qxe5 Qxb6 45. Qxf5 Qd6 46. Rc8 Rxc8 47.
Qxc8+ Kh7 48. Qf5+ Kg8 49. Qc8+ Kh7 50. Qxb7 Qxd3 51. Qf3 Qc2 52. g4 Qb2 53.
Qf5+ Kg8 54. g5 hxg5 55. Qxg5 Kf8 56. Kg3 Qa1 57. Qd8+ Kf7 58. Qd5+ Kf8 59.
Qc5+ Kf7 60. Kf4 Qg1 61. Qd5+ Kf8 62. f3 Qh2+ 63. Kg4 Qg2+ 64. Kf5 Qc2+ 65. Qe4
Qc5+ 66. Kg6 Qd6+ 67. Kg5 Qf6+ 68. Kg4 Qb2 69. f4 Kg8 70. Qe6+ Kh7 71. Qe4+ Kg8
72. h6 gxh6 73. Qg6+ Qg7 1/2-1/2

[Event "BL 1213 SV Griesheim - SK Norderstedt"]
[Site "?"]
[Date "2013.04.06"]
[Round "14.6"]
[White "Grabarczyk, Miroslaw"]
[Black "Jochens, Arne"]
[Result "1-0"]
[WhiteElo "2450"]
[BlackElo "2298"]
[PlyCount "65"]
[EventDate "2013.??.??"]

1. d4 e6 2. c4 f5 3. Nf3 Nf6 4. g3 d5 5. Bg2 c6 6. O-O Bd6 7. Bf4 Bxf4 8. gxf4
O-O 9. Nbd2 Ne4 10. Rc1 Nd7 11. e3 Ndf6 12. Ne5 Nxd2 13. Qxd2 Ng4 14. Nf3 Qe7
15. h3 Nh6 16. Ne5 Nf7 17. Nd3 Kh8 18. Kh2 Qh4 19. Rg1 h6 20. Qb4 Rg8 21. Bf3
Kh7 22. Rg3 Re8 23. Rcg1 g5 24. Be2 Kh8 25. fxg5 hxg5 26. f4 dxc4 27. Qxc4 Rg8
28. Qc5 g4 29. Bxg4 b6 30. Qa3 c5 31. Bf3 Rxg3 32. Rxg3 Rb8 33. Qxa7 1-0

[Event "BL 1213 SV Griesheim - SK Norderstedt"]
[Site "?"]
[Date "2013.04.06"]
[Round "14.7"]
[White "Michna, Christian"]
[Black "Grabarczyk, Bogdan"]
[Result "0-1"]
[WhiteElo "2279"]
[BlackElo "2393"]
[PlyCount "108"]
[EventDate "2013.??.??"]

1. e4 c5 2. c3 d6 3. d4 Nf6 4. Bd3 g6 5. dxc5 dxc5 6. e5 Nh5 7. Be2 Qxd1+ 8.
Bxd1 Nc6 9. f4 Bh6 10. Bxh5 gxh5 11. Nf3 Bg4 12. Ke2 O-O-O 13. Na3 f6 14. exf6
exf6 15. Be3 Ne7 16. h3 Be6 17. Bxc5 Nf5 18. Rhe1 Bd5 19. Be3 Rhg8 20. Kf2 Nxe3
21. Rxe3 Bxf4 22. Rd3 Bg3+ 23. Ke2 Rde8+ 24. Re3 Rxe3+ 25. Kxe3 Bc7 26. Rd1
Bb6+ 27. Kf4 Bxa2 28. Nb5 Rxg2 29. b4 a6 30. Nd6+ Kb8 31. c4 Rb2 32. Rd2 Rxd2
33. Nxd2 Bc7 34. c5 Be6 35. h4 b6 36. Ke3 bxc5 37. bxc5 a5 38. N2e4 a4 39. Nb5
Be5 40. c6 Bc4 41. c7+ Bxc7 42. Na3 Bf7 43. Nxf6 Bd8 44. Nd7+ Ka7 45. Kd4 Be8
46. Nc5 Bxh4 47. Nxa4 Bxa4 48. Ke4 Bc6+ 49. Kf4 Bf2 50. Nc4 h4 51. Kg4 Bg2 52.
Nd2 h5+ 53. Kf4 Bg3+ 54. Ke3 h3 0-1

[Event "BL 1213 SV Griesheim - SK Norderstedt"]
[Site "?"]
[Date "2013.04.06"]
[Round "14.8"]
[White "Walter, Stefan"]
[Black "Kues, Hendrik"]
[Result "1-0"]
[WhiteElo "2358"]
[BlackElo "2134"]
[PlyCount "73"]
[EventDate "2013.??.??"]

1. d4 d5 2. c4 c6 3. e3 Nf6 4. Nc3 g6 5. b3 Bg7 6. Bb2 O-O 7. Be2 Re8 8. Nf3
Bg4 9. O-O e6 10. h3 Bxf3 11. Bxf3 Nbd7 12. Qc2 Rc8 13. Rad1 b5 14. e4 b4 15.
Na4 dxe4 16. Bxe4 Nxe4 17. Qxe4 Nb6 18. Nc5 Nd7 19. Qe1 Nxc5 20. dxc5 Qa5 21.
Bxg7 Kxg7 22. Qe5+ Kg8 23. h4 Qc7 24. Rd6 Qe7 25. g3 Qf8 26. Rfd1 a5 27. Qe4 h5
28. Kg2 Rc7 29. R1d3 Rec8 30. g4 hxg4 31. Qxg4 Qg7 32. Qf4 Kh7 33. Rg3 Qh6 34.
Rg5 f6 35. Qxf6 Rf8 36. Qxe6 Rcf7 37. Rd7 1-0

[Event "BL 1213 SG Turm Trier - SC Eppingen"]
[Site "?"]
[Date "2013.04.07"]
[Round "15.1"]
[White "Harikrishna, Pentala"]
[Black "Howell, David W L"]
[Result "1-0"]
[WhiteElo "2688"]
[BlackElo "2634"]
[PlyCount "63"]
[EventDate "2013.??.??"]

1. Nf3 Nf6 2. c4 g6 3. Nc3 d5 4. cxd5 Nxd5 5. d3 Bg7 6. Bd2 Nc6 7. g3 e5 8. Bg2
Nde7 9. O-O O-O 10. Rc1 h6 11. Ne4 b6 12. Rxc6 Nxc6 13. Qc1 Ne7 14. Bxh6 Bxh6
15. Qxh6 Nf5 16. Qd2 Qe7 17. g4 Nd6 18. Nxd6 cxd6 19. Qh6 Bb7 20. Ng5 f6 21.
Qxg6+ Kh8 22. Bxb7 Qxb7 23. Ne6 Rf7 24. Rc1 Rh7 25. Qxf6+ Kg8 26. Ng5 Rd7 27.
Qe6+ Kh8 28. Ne4 Rg7 29. Nxd6 Qd7 30. Qxd7 Rxd7 31. Rc6 Rg8 32. f3 1-0

[Event "BL 1213 SG Turm Trier - SC Eppingen"]
[Site "?"]
[Date "2013.04.07"]
[Round "15.2"]
[White "Lupulescu, Constantin"]
[Black "Berkes, Ferenc"]
[Result "1/2-1/2"]
[WhiteElo "2613"]
[BlackElo "2679"]
[PlyCount "46"]
[EventDate "2013.??.??"]

1. d4 Nf6 2. c4 e6 3. g3 d5 4. Nf3 dxc4 5. Bg2 Nc6 6. Qa4 Bb4+ 7. Bd2 Nd5 8.
Bxb4 Ndxb4 9. O-O Rb8 10. Na3 O-O 11. Qb5 b6 12. Qxc4 Ba6 13. Nb5 Qd5 14. Qxd5
Nxd5 15. a4 Na5 16. Ne5 Rbd8 17. Nxa7 Nb4 18. Rac1 Rxd4 19. Nb5 Bxb5 20. axb5
f6 21. e3 Rdd8 22. Nf3 Rf7 23. Bh3 Re7 1/2-1/2

[Event "BL 1213 SG Turm Trier - SC Eppingen"]
[Site "?"]
[Date "2013.04.07"]
[Round "15.3"]
[White "Tiviakov, Sergei"]
[Black "Gordon, Stephen"]
[Result "1/2-1/2"]
[WhiteElo "2659"]
[BlackElo "2556"]
[PlyCount "49"]
[EventDate "2013.??.??"]

1. e4 c5 2. Nc3 d6 3. Nge2 Nf6 4. g3 Nc6 5. Bg2 g6 6. d4 cxd4 7. Nxd4 Bd7 8.
Nde2 Bg7 9. b3 O-O 10. Bb2 Qc8 11. h3 Rb8 12. Qd2 b5 13. O-O-O Qa6 14. Kb1 Rfc8
15. g4 Ne8 16. Nd5 Bxb2 17. Kxb2 e6 18. Nb4 Nxb4 19. Qxb4 Rc5 20. h4 Rbc8 21.
Rc1 e5 22. g5 Ng7 23. Bh3 Bxh3 24. Rxh3 Ne6 25. Qd2 1/2-1/2

[Event "BL 1213 SG Turm Trier - SC Eppingen"]
[Site "?"]
[Date "2013.04.07"]
[Round "15.4"]
[White "Haslinger, Stewart"]
[Black "Balogh, Csaba"]
[Result "1/2-1/2"]
[WhiteElo "2535"]
[BlackElo "2664"]
[PlyCount "45"]
[EventDate "2013.??.??"]

1. e4 c5 2. Nf3 e6 3. d4 cxd4 4. Nxd4 a6 5. Nc3 b5 6. Bd3 Qb6 7. Nf3 Qc7 8. O-O
Bb7 9. Re1 Be7 10. Bd2 Nc6 11. Qe2 Nb4 12. a4 Nxd3 13. Qxd3 b4 14. Na2 a5 15.
c3 bxc3 16. Nxc3 Nf6 17. Nb5 Qb8 18. Bg5 Ba6 19. Red1 Bxb5 20. axb5 O-O 21. e5
Nd5 22. Bxe7 Nxe7 23. Qxd7 1/2-1/2

[Event "BL 1213 SG Turm Trier - SC Eppingen"]
[Site "?"]
[Date "2013.04.07"]
[Round "15.5"]
[White "Ruck, Robert"]
[Black "Cioara, Andrei Nestor"]
[Result "1-0"]
[WhiteElo "2567"]
[BlackElo "2483"]
[PlyCount "67"]
[EventDate "2013.??.??"]

1. Nf3 Nf6 2. c4 e6 3. Nc3 Bb4 4. g3 b6 5. Bg2 Bb7 6. d3 O-O 7. e4 d5 8. e5 d4
9. a3 dxc3 10. axb4 Ng4 11. O-O Nc6 12. bxc3 Ncxe5 13. Nxe5 Bxg2 14. Nxg4 Bxf1
15. Qxf1 a5 16. b5 f6 17. Ba3 Re8 18. d4 Qd7 19. Ne3 c6 20. Rb1 Rac8 21. Qd1
Rc7 22. Qa4 Rd8 23. bxc6 Qxc6 24. Qxc6 Rxc6 25. Kf1 Rb8 26. Ke2 Kf7 27. Kd3
Rcc8 28. Rb5 Ke8 29. Bd6 Rb7 30. c5 Kd7 31. Nc4 Kc6 32. Rb1 Ra8 33. cxb6 a4 34.
Bc7 1-0